00550nam a22001937a 450000500170000001000130001702000100003003500130004003700160005304000120006908200130008124500740009426000450016827000500021330000270026365000220029065000270031270000170033920170124110205.0 aB-090420 c00.00 aB-090420 bCen Lib/Ret aDPLbEN a004bINF aInformartion technology :cby F. Fanthome...[et al]bfor class viii / aNew DelhibVikas Publishing House c2003 bNew Delhia576, Masjid road, Jangpurae110014 a168p.:c22cm(Hb)bill. aComputer science  aInformation technology aFanthome, F.